Normal view
MARC view
Entry Personal Name
001 - CONTROL NUMBER
- control field: 44169
003 - CONTROL NUMBER IDENTIFIER
- control field: ARRUPE
005 - DATE AND TIME OF LATEST TRANSACTION
- control field: 20190125093300.0
008 - FIXED-LENGTH DATA ELEMENTS
- fixed length control field: 190125|| aca||aabn | a|a d
040 ## - CATALOGING SOURCE
- Original cataloging agency: ARRUPE
- Transcribing agency: ARRUPE
100 ## - HEADING--PERSONAL NAME
- Personal name: Handiseni, Takesure
670 ## - SOURCE DATA FOUND
- Source citation: Work cat.: (ARRUPE): Handiseni, Takesure , A tourist guide to rock art sites in northern Zimbabwe, 1991